[Event "Welsh Chess Championships"]
[Site "Cardiff, Wales"]
[Date "2017.04.16"]
[Round "5.5"]
[White "Morcom, Huw"]
[Black "Sands, David A"]
[Result "1/2-1/2"]
[WhiteElo "1925"]
[BlackElo "2103"]
[PlyCount "48"]
[EventDate "2017.??.??"]

1. e4 c5 2. Nf3 e6 3. d3 Nc6 4. Be2 Nf6 5. O-O d5 6. Nbd2 Be7 7. c3 O-O 8. Re1
Qc7 9. Qc2 b6 10. h3 Bb7 11. Nf1 h6 12. N1h2 Rfd8 13. Bf1 dxe4 14. dxe4 Bd6 15.
Ng4 Nxg4 16. hxg4 Bf4 17. g3 Bxc1 18. Raxc1 Ne5 19. Nxe5 Qxe5 20. f4 Qc7 21.
Rcd1 Rxd1 22. Rxd1 Rd8 23. Rxd8+ Qxd8 24. Qd3 Qxd3 1/2-1/2

[Event "Welsh Chess Championships"]
[Site "Cardiff, Wales"]
[Date "2017.04.16"]
[Round "5.6"]
[White "Van Kemenade, Rudy"]
[Black "Young, Alan"]
[Result "0-1"]
[WhiteElo "1914"]
[BlackElo "2056"]
[PlyCount "54"]
[EventDate "2017.??.??"]

1. f4 d5 2. Nf3 Nf6 3. g3 c5 4. Bg2 Nc6 5. O-O g6 6. d3 Bg7 7. c3 O-O 8. Na3 b6
9. Qa4 Bd7 10. e4 dxe4 11. dxe4 Nd4 12. Qd1 Nxf3+ 13. Bxf3 Bc6 14. Qe2 Qc7 15.
g4 Qb7 16. Re1 Rad8 17. g5 Nd7 18. h4 b5 19. Nc2 e5 20. f5 gxf5 21. Bg2 Bxe4
22. Bxe4 Qxe4 23. Qf2 Qg4+ 24. Kh2 e4 25. Ne3 Be5+ 26. Kh1 Qh3+ 27. Kg1 Bg3 0-1

[Event "Welsh Chess Championships"]
[Site "Cardiff, Wales"]
[Date "2017.04.16"]
[Round "5.7"]
[White "Ralphs, Nigel"]
[Black "Waterfield, John W"]
[Result "1/2-1/2"]
[WhiteElo "2058"]
[BlackElo "1948"]
[PlyCount "52"]
[EventDate "2017.??.??"]

1. e4 c5 2. Nf3 d6 3. Bb5+ Nd7 4. c3 Ngf6 5. Qe2 a6 6. Ba4 b5 7. Bc2 Bb7 8. d4
e5 9. O-O g6 10. dxe5 dxe5 11. Rd1 Qc7 12. Nbd2 Bg7 13. Nf1 O-O 14. Ng3 c4 15.
Bg5 Nc5 16. Qe1 Ne6 17. Bxf6 Bxf6 18. Nd2 Rfd8 19. Ndf1 Nf4 20. Ne3 Bg5 21.
Ngf1 Kg7 22. Rxd8 Rxd8 23. Rd1 Nd3 24. Bxd3 cxd3 25. f3 Qd7 26. Qf2 Qe6 1/2-1/2

[Event "Welsh Chess Championships"]
[Site "Cardiff, Wales"]
[Date "2017.04.16"]
[Round "5.8"]
[White "Ehsandar, Peter"]
[Black "Hatchett, Paul"]
[Result "1-0"]
[WhiteElo "1933"]
[BlackElo "2022"]
[PlyCount "59"]
[EventDate "2017.??.??"]

1. e4 g6 2. d4 Bg7 3. Nf3 d6 4. Be2 Nf6 5. Nc3 O-O 6. O-O c6 7. a4 Nbd7 8. a5
e5 9. a6 b5 10. b4 exd4 11. Nxd4 Ne5 12. Nb3 Be6 13. Be3 Bxb3 14. cxb3 Qe7 15.
Rc1 Rfc8 16. Re1 Ned7 17. Qd3 Nb6 18. Red1 Rd8 19. Bf3 Rac8 20. g3 Qe6 21. Ne2
Nfd7 22. Qxd6 Qxb3 23. Nd4 Qa4 24. Nxc6 Rxc6 25. Rxc6 Bf8 26. Qf4 Re8 27. Rc7
Ne5 28. Bxb6 axb6 29. Kg2 Qxa6 30. Rd5 1-0

[Event "Welsh Chess Championships"]
[Site "Cardiff, Wales"]
[Date "2017.04.16"]
[Round "5.9"]
[White "Taylor, Robert Graham"]
[Black "Rodriguez, Juan Talavera"]
[Result "1-0"]
[WhiteElo "1932"]
[BlackElo "1988"]
[PlyCount "119"]
[EventDate "2017.??.??"]

1. e4 e5 2. Nf3 Nc6 3. c3 d5 4. Qa4 dxe4 5. Nxe5 Qd5 6. Nxc6 bxc6 7. Bc4 Qd7 8.
O-O Nf6 9. d3 exd3 10. Bxd3 Be7 11. Bf5 Qd5 12. Bxc8 Rxc8 13. Qxa7 O-O 14. Nd2
Bc5 15. Qa4 Ra8 16. Qc4 Qh5 17. Nf3 Rfe8 18. Bg5 Ne4 19. Be3 Bd6 20. Qxc6 Rab8
21. Rfd1 Re6 22. Qd5 Qxd5 23. Rxd5 Rxb2 24. c4 h6 25. Rb5 Rc2 26. Nd4 Rxc4 27.
Nxe6 fxe6 28. a4 c6 29. Ra5 Nc3 30. Ra8+ Kh7 31. a5 Be5 32. Rf1 Ra4 33. g3 Nd5
34. Re1 Bc3 35. Rc1 Bxa5 36. Rxc6 Ra1+ 37. Kg2 Ra2 38. Bd4 Ra4 39. Bb6 Nxb6 40.
Rxb6 Bxb6 41. Rxa4 e5 42. Ra6 Bd8 43. Kf3 Bf6 44. Ke4 Kg6 45. Rc6 Kg5 46. f3
Kg6 47. h4 h5 48. Ra6 Kf7 49. Kf5 g6+ 50. Ke4 Bg7 51. Kd5 Bh8 52. Re6 Bg7 53.
Rxe5 Bxe5 54. Kxe5 Ke7 55. f4 Kf7 56. f5 Kg7 57. fxg6 Kxg6 58. Ke6 Kg7 59. Kf5
Kh6 60. Kf6 1-0

[Event "Welsh Chess Championships"]
[Site "Cardiff, Wales"]
[Date "2017.04.16"]
[Round "5.10"]
[White "Brown, Thomas"]
[Black "White, Ernest M"]
[Result "1-0"]
[WhiteElo "2060"]
[BlackElo "1867"]
[PlyCount "51"]
[EventDate "2017.??.??"]

1. d4 d5 2. c4 e6 3. Nc3 Be7 4. Nf3 c6 5. e4 dxe4 6. Nxe4 Nd7 7. Bd3 Ngf6 8.
O-O Nxe4 9. Bxe4 Nf6 10. Bc2 b6 11. Qe2 Bb7 12. Bf4 a5 13. Rad1 Ra7 14. Ne5 Qc8
15. Bg5 h6 16. Bh4 Ba8 17. Rd3 g5 18. Bg3 h5 19. h4 g4 20. f3 gxf3 21. Nxf3 Rg8
22. Ng5 Bd8 23. Rdf3 Rg7 24. Be5 Rxg5 25. hxg5 Ng4 26. Rxf7 1-0

[Event "Welsh Chess Championships"]
[Site "Cardiff, Wales"]
[Date "2017.04.16"]
[Round "5.12"]
[White "Camp, Imogen A L"]
[Black "Sivarajasingam, Shayanna"]
[Result "1/2-1/2"]
[WhiteElo "1823"]
[BlackElo "1729"]
[PlyCount "42"]
[EventDate "2017.??.??"]

1. d4 e6 2. Nf3 c5 3. c3 Nf6 4. Bf4 d5 5. e3 Nc6 6. Nbd2 Bd6 7. Bg3 O-O 8. Bd3
Re8 9. Ne5 Bxe5 10. dxe5 Nd7 11. f4 c4 12. Bc2 Qb6 13. O-O Qxb2 14. Nf3 h6 15.
Qd2 Qb6 16. Rab1 Qc7 17. Bh4 Ne7 18. g4 Ng6 19. Bg3 a6 20. h4 Nc5 21. Qg2 Ne7
1/2-1/2

[Event "Welsh Chess Championships"]
[Site "Cardiff, Wales"]
[Date "2017.04.16"]
[Round "5.13"]
[White "Sivarajasingam, Venetia"]
[Black "James, Dai"]
[Result "1/2-1/2"]
[WhiteElo "1704"]
[BlackElo "1849"]
[PlyCount "37"]
[EventDate "2017.??.??"]

1. e4 e5 2. Nf3 Nc6 3. Bb5 f5 4. Nc3 Nf6 5. exf5 e4 6. Qe2 Qe7 7. Bxc6 dxc6 8.
Nd4 Qe5 9. Ne6 Bxe6 10. fxe6 Bd6 11. b3 O-O 12. Bb2 Rae8 13. O-O-O Rxe6 14.
Rde1 Rfe8 15. Qc4 b5 16. Qe2 a5 17. h4 Qc5 18. Rh3 Nd5 19. g3 1/2-1/2

[Event "Welsh Chess Championships"]
[Site "Cardiff, Wales"]
[Date "2017.04.16"]
[Round "5.14"]
[White "Guha, Chirag"]
[Black "Fathallah, Joe"]
[Result "0-1"]
[WhiteElo "1752"]
[BlackElo "1975"]
[PlyCount "94"]
[EventDate "2017.??.??"]

1. d4 f5 2. e4 fxe4 3. Nc3 Nf6 4. Bg5 c6 5. f3 d5 6. Qe2 Bf5 7. Bxf6 exf6 8. g4
Bg6 9. fxe4 dxe4 10. Qe3 Bb4 11. Bc4 Bxc3+ 12. Qxc3 Qe7 13. O-O-O b5 14. Bb3 a5
15. d5 c5 16. d6 Qe5 17. Qxe5+ fxe5 18. Be6 Nd7 19. Ne2 b4 20. Ng3 Rf8 21. Nf5
Bxf5 22. Bxf5 g6 23. Bxe4 Ra6 24. g5 Rf4 25. Bb7 Rb6 26. Bc8 Rd4 27. Rxd4 cxd4
28. Re1 Rb5 29. Re4 Rc5 30. Ba6 Rd5 31. Bc8 Kd8 32. Bxd7 Kxd7 33. Rh4 Kxd6 34.
Rxh7 e4 35. Rh4 Ke5 36. Kd2 Kf5 37. Rh8 Kxg5 38. Rf8 Kg4 39. Rg8 g5 40. Rf8 Rf5
41. Rd8 Rf2+ 42. Kd1 Rxh2 43. Rxd4 Kf3 44. c4 bxc3 45. bxc3 g4 46. Rd8 g3 47.
Rg8 g2 0-1

[Event "Welsh Chess Championships"]
[Site "Cardiff, Wales"]
[Date "2017.04.17"]
[Round "6.1"]
[White "Pleasants, Allan J"]
[Black "Turner, Joseph David"]
[Result "1-0"]
[WhiteElo "1982"]
[BlackElo "1933"]
[PlyCount "125"]
[EventDate "2017.??.??"]

1. Nf3 Nf6 2. c4 g6 3. Nc3 Bg7 4. g3 O-O 5. Bg2 d6 6. d4 Nc6 7. O-O h6 8. h3 e5
9. Be3 Nd7 10. dxe5 Ndxe5 11. Nxe5 Nxe5 12. Qc1 Kh7 13. b3 Be6 14. Kh2 Qc8 15.
f4 Nc6 16. Qd2 Ne7 17. Rad1 Nf5 18. Bf2 Ne7 19. e4 f5 20. Rfe1 Ng8 21. Nd5 fxe4
22. Rxe4 Bf5 23. Ree1 Rf7 24. Bd4 Bd7 25. Bxg7 Kxg7 26. Qd4+ Kh7 27. Rd2 c5 28.
Qc3 Qf8 29. Nc7 Rc8 30. Ne6 Bxe6 31. Rxe6 Rd8 32. Rxg6 Nf6 33. f5 Nh5 34. Rg4
Nf6 35. Rf4 Nh5 36. Rff2 Re8 37. Qd3 Rf6 38. Rde2 Rb8 39. Qe3 Ng7 40. Qe7 b5
41. cxb5 Rxb5 42. Qxf8 Rxf8 43. Re7 Kh8 44. g4 a5 45. Rfe2 h5 46. Rc7 hxg4 47.
hxg4 Rb4 48. Bf3 Rf4 49. Kg3 Rd4 50. Re4 Rg8 51. Kf4 Rf8 52. Ke3 Rd5 53. Rxg7
Kxg7 54. Re7+ Kf6 55. Re6+ Kg5 56. Rg6+ Kh4 57. Bxd5 Kg3 58. Ke4 Rb8 59. Bc4
Rb4 60. Rxd6 Kxg4 61. f6 a4 62. f7 axb3 63. axb3 1-0

[Event "Welsh Chess Championships"]
[Site "Cardiff, Wales"]
[Date "2017.04.17"]
[Round "6.2"]
[White "Heaven, Peter"]
[Black "Kett, Tim"]
[Result "1/2-1/2"]
[WhiteElo "2022"]
[BlackElo "2220"]
[PlyCount "81"]
[EventDate "2017.??.??"]

1. e4 e5 2. Nf3 Nc6 3. Bb5 a6 4. Ba4 Nf6 5. d4 exd4 6. O-O Be7 7. e5 Ne4 8.
Nxd4 Nxd4 9. Qxd4 Nc5 10. Nc3 O-O 11. Bg5 Nxa4 12. Bxe7 Qxe7 13. Nxa4 Re8 14.
f4 b6 15. Rad1 Bb7 16. Nc3 Rad8 17. Rfe1 d6 18. Qf2 dxe5 19. Rxd8 Qxd8 20. Rxe5
Rxe5 21. fxe5 Qg5 22. Qe2 Qc1+ 23. Nd1 Kf8 24. g3 Ke7 25. Kf2 Qh6 26. h4 Qe6
27. Qh5 Qd5 28. Qg5+ Ke6 29. Qg4+ Kxe5 30. Qxg7+ Ke6 31. Qg4+ Qf5+ 32. Qxf5+
Kxf5 33. Nc3 Kg4 34. Ne2 c5 35. a3 a5 36. Nf4 a4 37. c3 Be4 38. Ne2 Bd3 39. Nf4
Be4 40. Ne2 Bd3 41. Nf4 1/2-1/2

[Event "Welsh Chess Championships"]
[Site "Cardiff, Wales"]
[Date "2017.04.17"]
[Round "6.3"]
[White "Jameson, David"]
[Black "Young, Alan"]
[Result "0-1"]
[WhiteElo "2098"]
[BlackElo "2056"]
[PlyCount "94"]
[EventDate "2017.??.??"]

1. c4 e5 2. g3 Nf6 3. Bg2 g6 4. Nc3 Bg7 5. d3 O-O 6. e3 d6 7. Nge2 Nc6 8. O-O
Be6 9. Nd5 Qd7 10. Nec3 Ne8 11. b4 Bh3 12. b5 Nd8 13. Rb1 Bxg2 14. Kxg2 f5 15.
Qb3 c6 16. bxc6 bxc6 17. Qa4 Qf7 18. Nb4 f4 19. f3 fxg3 20. hxg3 Rc8 21. Qb3
Kh8 22. Ne4 Ne6 23. Bd2 a5 24. Nc2 d5 25. Nc3 Nc5 26. Qa3 Nxd3 27. Nxd5 cxd5
28. Qxd3 Rxc4 29. Bxa5 Qa7 30. Rb5 e4 31. fxe4 Rxf1 32. Kxf1 Qf7+ 33. Ke2 dxe4
34. Qd2 Qf3+ 35. Ke1 Qxg3+ 36. Kd1 Qf3+ 37. Kc1 Qf1+ 38. Qd1 Rxc2+ 39. Kxc2
Qxb5 40. Qd8 Qb2+ 41. Kd1 Qb1+ 42. Ke2 Qxa2+ 43. Ke1 Qf7 44. Qa8 Qe6 45. Kf2
Be5 46. Bb6 Qf7+ 47. Kg1 Bg3 0-1

[Event "Welsh Chess Championships"]
[Site "Cardiff, Wales"]
[Date "2017.04.17"]
[Round "6.4"]
[White "Sands, David A"]
[Black "Bullen, Alex"]
[Result "1/2-1/2"]
[WhiteElo "2103"]
[BlackElo "2105"]
[PlyCount "61"]
[EventDate "2017.??.??"]

1. d4 d5 2. c4 e6 3. Nc3 Nf6 4. cxd5 exd5 5. Bg5 Nbd7 6. e3 c6 7. Bd3 Be7 8.
Qc2 Nh5 9. Bxe7 Qxe7 10. O-O-O g6 11. Nf3 Nb6 12. h3 Be6 13. Kb1 O-O-O 14. Na4
Nxa4 15. Qxa4 Kb8 16. Rc1 Ng7 17. Rc3 Bf5 18. Bxf5 Nxf5 19. Ra3 a6 20. Rb3 Ka7
21. Rc1 Rd6 22. Qb4 Rc8 23. Rc5 Qc7 24. Rc2 f6 25. Rd3 Ng7 26. Rd1 Ne6 27. Rdc1
Qd8 28. Nd2 Rd7 29. Nb3 Rdc7 30. Nc5 Nxc5 31. Qxc5+ 1/2-1/2

[Event "Welsh Chess Championships"]
[Site "Cardiff, Wales"]
[Date "2017.04.17"]
[Round "6.5"]
[White "Thomas, Ben"]
[Black "Ehsandar, Peter"]
[Result "0-1"]
[WhiteElo "1936"]
[BlackElo "1933"]
[PlyCount "80"]
[EventDate "2017.??.??"]

1. e4 c5 2. c3 d5 3. exd5 Qxd5 4. d4 Nc6 5. Be3 Nf6 6. Na3 cxd4 7. Nb5 Qd8 8.
Nxd4 Nxd4 9. Bxd4 a6 10. Bxf6 Qxd1+ 11. Rxd1 exf6 12. Be2 Be7 13. Nf3 O-O 14.
Nd4 Bc5 15. O-O a5 16. Rd2 g6 17. Rfd1 Kg7 18. h3 Rh8 19. Bc4 Rf8 20. Kh2 Bd6+
21. g3 Bc5 22. f3 h5 23. Nb5 b6 24. Bd5 Rb8 25. Nd4 Ba6 26. Re1 Rbd8 27. Nc6
Rde8 28. Re4 f5 29. Re5 h4 30. f4 hxg3+ 31. Kxg3 Be3 32. Rd1 f6 33. Re7+ Rxe7
34. Nxe7 Re8 35. Nc6 g5 36. fxg5 fxg5 37. Nd4 f4+ 38. Kg4 Bc8+ 39. Kf3 Bxh3 40.
Re1 g4+ 0-1

[Event "Welsh Chess Championships"]
[Site "Cardiff, Wales"]
[Date "2017.04.17"]
[Round "6.6"]
[White "Davis, Lee"]
[Black "Taylor, Robert Graham"]
[Result "1/2-1/2"]
[WhiteElo "1933"]
[BlackElo "1932"]
[PlyCount "179"]
[EventDate "2017.??.??"]

1. d4 Nf6 2. g3 c5 3. Nf3 cxd4 4. Nxd4 Nc6 5. c4 g6 6. Nc3 Bg7 7. Bg2 O-O 8.
O-O Qb6 9. Nc2 d6 10. h3 Bd7 11. Rb1 Ne5 12. b3 Bc6 13. Be3 Qd8 14. Nd5 Nxd5
15. cxd5 Be8 16. Qd2 a6 17. Rfc1 h5 18. Nd4 Kh7 19. Qb4 Rb8 20. Rc2 Nd7 21.
Rbc1 Nc5 22. Qd2 a5 23. Nf3 Na6 24. a3 Bd7 25. Ba7 Ra8 26. Bd4 Bxd4 27. Nxd4
Rc8 28. Rxc8 Bxc8 29. e4 Qb6 30. Kh2 Bd7 31. f3 Rc8 32. Rxc8 Bxc8 33. Bf1 Nc5
34. b4 axb4 35. Qxb4 Qxb4 36. axb4 Nd7 37. Nb5 Kg7 38. h4 Ne5 39. Kg2 Bd7 40.
Nd4 e6 41. Bb5 Bc8 42. dxe6 fxe6 43. f4 Nf7 44. Bc4 Kf6 45. Nb5 Ke7 46. Kf3 Nd8
47. Nd4 Kf6 48. Ke3 Nc6 49. Nxc6 bxc6 50. Kd4 Bd7 51. e5+ Ke7 52. Bd3 Be8 53.
exd6+ Kxd6 54. Be4 Bf7 55. Kc3 Be8 56. Kb3 Kc7 57. Bf3 Kd6 58. Ka4 Kc7 59. Ka5
Bf7 60. Be2 Be8 61. Bd3 Bf7 62. Bc4 Bg8 63. Ka4 Bf7 64. Kb3 Kd6 65. Kc3 Be8 66.
Kd4 Bf7 67. Ke4 Be8 68. Bb3 Bf7 69. Kf3 Ke7 70. g4 Be8 71. Bc2 Kd6 72. Bd1 Bf7
73. Ke4 hxg4 74. Bxg4 Be8 75. Be2 Bf7 76. Bd3 Be8 77. Bc4 Bf7 78. Kf3 Be8 79.
Kg4 e5 80. fxe5+ Kxe5 81. Kg5 Kd4 82. Bf1 Kc3 83. b5 cxb5 84. Bxb5 Bxb5 85.
Kxg6 Kd4 86. h5 Ke5 87. Kg7 Bd3 88. h6 Ke6 89. h7 Bxh7 90. Kxh7 1/2-1/2

[Event "Welsh Chess Championships"]
[Site "Cardiff, Wales"]
[Date "2017.04.17"]
[Round "6.7"]
[White "Ralphs, Nigel"]
[Black "Morcom, Huw"]
[Result "1-0"]
[WhiteElo "2058"]
[BlackElo "1925"]
[PlyCount "59"]
[EventDate "2017.??.??"]

1. e4 c5 2. Nf3 d6 3. d4 cxd4 4. Nxd4 Nf6 5. Nc3 a6 6. f3 e5 7. Nb3 h6 8. Be3
Be6 9. Qd2 Nbd7 10. O-O-O Qc7 11. Kb1 Be7 12. g4 Nb6 13. h4 O-O-O 14. Qf2 Nfd7
15. Nd5 Bxd5 16. exd5 Nc5 17. Nxc5 dxc5 18. c4 Nd7 19. Bd3 Bd6 20. Ka1 Rhe8 21.
Be4 Nf6 22. Rd3 h5 23. g5 Nxe4 24. fxe4 g6 25. b4 b6 26. bxc5 Bxc5 27. Bxc5
Qxc5 28. Qxc5+ bxc5 29. Rf1 Re7 30. Rf6 1-0

[Event "Welsh Chess Championships"]
[Site "Cardiff, Wales"]
[Date "2017.04.17"]
[Round "6.8"]
[White "Waterfield, John W"]
[Black "Brown, Thomas"]
[Result "1-0"]
[WhiteElo "1948"]
[BlackElo "2060"]
[PlyCount "91"]
[EventDate "2017.??.??"]

1. e4 c5 2. Nf3 d6 3. d4 cxd4 4. Nxd4 Nf6 5. Nc3 g6 6. Be2 Bg7 7. Be3 Nc6 8.
Nb3 O-O 9. f4 Be6 10. g4 Na5 11. g5 Nd7 12. Bd4 Nxb3 13. axb3 Bxd4 14. Qxd4 Qb6
15. Qxb6 Nxb6 16. O-O f5 17. Bf3 fxe4 18. Bxe4 d5 19. Bg2 a6 20. Rfe1 Kf7 21.
Re5 Rfd8 22. Rae1 Rd6 23. Ne2 Bf5 24. Nd4 e6 25. R5e3 Rc8 26. c3 Nd7 27. b4 Nb8
28. Nxf5 gxf5 29. Rh3 Kg7 30. Rh6 Rcc6 31. Bh3 Nd7 32. Bxf5 exf5 33. Re7+ Kg8
34. Rhxh7 Rc7 35. Rhg7+ Kf8 36. Rgf7+ Kg8 37. Rg7+ Kf8 38. h4 d4 39. h5 d3 40.
Rgf7+ Kg8 41. Rg7+ Kf8 42. h6 Nf6 43. gxf6 Rxe7 44. fxe7+ Ke8 45. h7 Rh6 46.
Kf2 1-0

[Event "Welsh Chess Championships"]
[Site "Cardiff, Wales"]
[Date "2017.04.17"]
[Round "6.9"]
[White "Saunders, Walter N. R"]
[Black "Van Kemenade, Rudy"]
[Result "0-1"]
[WhiteElo "2030"]
[BlackElo "1914"]
[PlyCount "58"]
[EventDate "2017.??.??"]

1. Nf3 d6 2. d4 f5 3. c4 Nf6 4. Nc3 g6 5. Qc2 Bg7 6. e3 Nc6 7. a3 e5 8. d5 Ne7
9. b4 a5 10. Bb2 axb4 11. axb4 Rxa1+ 12. Bxa1 h6 13. Be2 O-O 14. O-O g5 15. Rd1
Ng6 16. c5 Rf7 17. e4 f4 18. Nd2 Bf8 19. Nb5 g4 20. Rc1 f3 21. gxf3 Nf4 22. Bc4
gxf3 23. Nxf3 Nxe4 24. Qxe4 Bf5 25. Qe3 Bh3 26. Bf1 Rg7+ 27. Kh1 Bg4 28. Nxe5
dxe5 29. Qxe5 Bf3+ 0-1

[Event "Welsh Chess Championships"]
[Site "Cardiff, Wales"]
[Date "2017.04.17"]
[Round "6.10"]
[White "Sivarajasingam, Shayanna"]
[Black "Hatchett, Paul"]
[Result "1/2-1/2"]
[WhiteElo "1729"]
[BlackElo "2022"]
[PlyCount "50"]
[EventDate "2017.??.??"]

1. e4 Nf6 2. Nc3 e5 3. Nf3 Nc6 4. d4 Bb4 5. Nxe5 Qe7 6. Nxc6 Qxe4+ 7. Qe2 dxc6
8. Bd2 Qxe2+ 9. Bxe2 Bf5 10. O-O-O O-O-O 11. Bg5 Rd6 12. Bc4 Bxc3 13. Bxf6
Bxb2+ 14. Kxb2 Rxf6 15. Rhe1 b5 16. Bb3 Rd8 17. Re7 Bg6 18. f3 c5 19. c3 c4 20.
Bc2 Bxc2 21. Kxc2 Rd7 22. Re8+ Kb7 23. Rde1 Rg6 24. g3 a5 25. a3 Rb6 1/2-1/2

[Event "Welsh Chess Championships"]
[Site "Cardiff, Wales"]
[Date "2017.04.17"]
[Round "6.11"]
[White "Rodriguez, Juan Talavera"]
[Black "Bevan, Peter M"]
[Result "1-0"]
[WhiteElo "1988"]
[BlackElo "1933"]
[PlyCount "49"]
[EventDate "2017.??.??"]

1. e4 c6 2. d4 d5 3. e5 Bf5 4. Nf3 e6 5. Be2 c5 6. O-O Nc6 7. Be3 Qb6 8. Nc3
Qxb2 9. Nb5 Rc8 10. dxc5 Qxc2 11. Qe1 Bg4 12. Rc1 Qa4 13. Nd6+ Bxd6 14. cxd6
Bxf3 15. gxf3 Nh6 16. Bxh6 gxh6 17. Qd2 Qh4 18. Kh1 Rg8 19. f4 Qh3 20. Rg1 Kd7
21. Rg3 Rxg3 22. fxg3 h5 23. Qb2 Rb8 24. Rxc6 Qf5 25. Rc7+ 1-0

[Event "Welsh Chess Championships"]
[Site "Cardiff, Wales"]
[Date "2017.04.17"]
[Round "6.12"]
[White "Camp, Imogen A L"]
[Black "Sivarajasingam, Venetia"]
[Result "1/2-1/2"]
[WhiteElo "1823"]
[BlackElo "1704"]
[PlyCount "34"]
[EventDate "2017.??.??"]

1. d4 d5 2. c4 e6 3. Nc3 Be7 4. Bf4 Nf6 5. e3 O-O 6. Nf3 b6 7. cxd5 exd5 8. Bd3
Bb7 9. Rc1 c5 10. O-O c4 11. Bb1 a6 12. Qc2 Nbd7 13. Ne5 Re8 14. g4 g6 15. f3
b5 16. a3 Bf8 17. Qf2 Bg7 1/2-1/2

[Event "Welsh Chess Championships"]
[Site "Cardiff, Wales"]
[Date "2017.04.17"]
[Round "6.13"]
[White "Fathallah, Joe"]
[Black "White, Ernest M"]
[Result "1-0"]
[WhiteElo "1975"]
[BlackElo "1867"]
[PlyCount "89"]
[EventDate "2017.??.??"]

1. d4 f5 2. g3 g6 3. Bg2 Bg7 4. Nf3 Nf6 5. O-O d6 6. c4 O-O 7. Nc3 Nc6 8. d5
Ne5 9. Nxe5 dxe5 10. c5 h6 11. Qb3 Kh7 12. Rd1 Nd7 13. c6 Nc5 14. Qa3 b6 15. b4
Na6 16. b5 Nc5 17. Be3 Qd6 18. Bxc5 bxc5 19. Na4 Rb8 20. Rab1 c4 21. Qxd6 exd6
22. e4 Bf6 23. Rdc1 Bg5 24. Rxc4 Bd2 25. Nc3 Kg7 26. Rb2 Bc1 27. Rb3 Bd2 28.
exf5 Bxf5 29. Bf1 h5 30. h4 Bg4 31. Ra4 Be1 32. Ne4 Bd1 33. Rxa7 Bxb3 34. Rxc7+
Kh6 35. axb3 g5 36. hxg5+ Kg6 37. Bd3 Ra8 38. Nxd6+ Kxg5 39. Rg7+ Kf6 40. Rg6+
Ke7 41. Re6+ Kd8 42. Ne4 Ra2 43. b6 Bxf2+ 44. Nxf2 Rfxf2 45. c7+ 1-0

[Event "Welsh Chess Championships"]
[Site "Cardiff, Wales"]
[Date "2017.04.17"]
[Round "6.14"]
[White "James, Dai"]
[Black "Guha, Chirag"]
[Result "0-1"]
[WhiteElo "1849"]
[BlackElo "1752"]
[PlyCount "32"]
[EventDate "2017.??.??"]

1. f4 e5 2. e4 d5 3. exd5 c6 4. dxc6 Nxc6 5. d3 Bc5 6. Nc3 Nf6 7. Nf3 Qb6 8.
Qe2 Bg4 9. h3 Bxf3 10. Qxf3 Nd4 11. Qg3 Nxc2+ 12. Kd1 Nxa1 13. fxe5 Nd7 14. Bg5
Qxb2 15. Nd5 Qb1+ 16. Bc1 Qc2+ 0-1

[Event "Welsh Chess Championships"]
[Site "Cardiff, Wales"]
[Date "2017.04.17"]
[Round "7.1"]
[White "Young, Alan"]
[Black "Pleasants, Allan J"]
[Result "0-1"]
[WhiteElo "2056"]
[BlackElo "1982"]
[PlyCount "60"]
[EventDate "2017.??.??"]

1. e4 g6 2. d4 Bg7 3. Nc3 d6 4. f4 Nf6 5. Nf3 O-O 6. Be2 c5 7. d5 e6 8. O-O
exd5 9. exd5 Na6 10. a3 Nc7 11. Kh1 Rb8 12. a4 a6 13. a5 b5 14. axb6 Rxb6 15.
Rb1 Rb8 16. Be3 Re8 17. Bg1 Ncxd5 18. Nxd5 Nxd5 19. Qxd5 Rxe2 20. Ne5 Bb7 21.
Qxf7+ Kh8 22. Nf3 Qe8 23. Qc7 Qc8 24. Qxd6 Rxg2 25. Rbd1 Rxg1+ 26. Kxg1 Qg4+
27. Kh1 Bxf3+ 28. Rxf3 Qxf3+ 29. Kg1 Re8 30. c3 Bd4+ 0-1

[Event "Welsh Chess Championships"]
[Site "Cardiff, Wales"]
[Date "2017.04.17"]
[Round "7.2"]
[White "Kett, Tim"]
[Black "Turner, Joseph David"]
[Result "1-0"]
[WhiteElo "2220"]
[BlackElo "1933"]
[PlyCount "63"]
[EventDate "2017.??.??"]

1. e4 Nc6 2. Nf3 d6 3. d4 g6 4. Bb5 Bg7 5. O-O a6 6. Bxc6+ bxc6 7. Nc3 Rb8 8.
Qd3 e6 9. b3 Ne7 10. Be3 O-O 11. Qd2 f5 12. Bh6 Rf7 13. Bxg7 Kxg7 14. e5 h6 15.
Rad1 g5 16. Ne1 Ng6 17. Nd3 g4 18. Ne2 Qg5 19. Nef4 Nh4 20. Rfe1 Re7 21. Re3
Kf7 22. Rde1 Rb5 23. c4 dxe5 24. Rxe5 Rb6 25. Qe3 Ng6 26. Nxg6 Qxg6 27. Nf4 Qg5
28. d5 cxd5 29. Nxd5 f4 30. Qe4 exd5 31. Rxe7+ Kf6 32. Qd4+ 1-0

[Event "Welsh Chess Championships"]
[Site "Cardiff, Wales"]
[Date "2017.04.17"]
[Round "7.3"]
[White "Ehsandar, Peter"]
[Black "Heaven, Peter"]
[Result "1/2-1/2"]
[WhiteElo "1933"]
[BlackElo "2022"]
[PlyCount "72"]
[EventDate "2017.??.??"]

1. e4 c5 2. Nf3 d6 3. d4 cxd4 4. Nxd4 e5 5. Nb3 Nf6 6. Nc3 Be6 7. h3 Nc6 8. Bg5
a6 9. Qf3 Be7 10. O-O-O O-O 11. g4 b5 12. Be3 Na5 13. g5 Nd7 14. Rg1 Rc8 15.
Kb1 Nc4 16. Nd5 Bxd5 17. exd5 a5 18. Bc1 Qc7 19. Bd3 Nc5 20. Nxc5 Qxc5 21. Qe4
g6 22. f4 Rfe8 23. f5 Bf8 24. h4 Qd4 25. f6 a4 26. Rg4 Qxe4 27. Rxe4 Rc5 28. b3
Rb8 29. Be2 axb3 30. axb3 Nb6 31. Kb2 Nxd5 32. b4 Nc3 33. bxc5 Nxe4 34. c6 b4
35. Bf3 Nc3 36. Re1 Rc8 1/2-1/2

[Event "Welsh Chess Championships"]
[Site "Cardiff, Wales"]
[Date "2017.04.17"]
[Round "7.4"]
[White "Bullen, Alex"]
[Black "Ralphs, Nigel"]
[Result "1/2-1/2"]
[WhiteElo "2105"]
[BlackElo "2058"]
[PlyCount "48"]
[EventDate "2017.??.??"]

1. e4 e5 2. Nf3 Nc6 3. Nc3 Nf6 4. d4 exd4 5. Nxd4 Bb4 6. Nxc6 bxc6 7. Bd3 d5 8.
O-O O-O 9. exd5 cxd5 10. h3 Be6 11. Qf3 Rb8 12. Nb5 Qd7 13. c3 Be7 14. Nd4 Rfe8
15. Re1 c5 16. Nf5 Bf8 17. Nh6+ Kh8 18. Bg5 Ne4 19. Bxe4 dxe4 20. Qg3 f6 21.
Rad1 Qc6 22. Bf4 Rbd8 23. Ng4 Bxa2 24. Ra1 Bc4 1/2-1/2

[Event "Welsh Chess Championships"]
[Site "Cardiff, Wales"]
[Date "2017.04.17"]
[Round "7.5"]
[White "Van Kemenade, Rudy"]
[Black "Sands, David A"]
[Result "1/2-1/2"]
[WhiteElo "1914"]
[BlackElo "2103"]
[PlyCount "37"]
[EventDate "2017.??.??"]

1. e4 c5 2. Nf3 e6 3. d3 Nc6 4. g3 Nge7 5. Bg2 g6 6. O-O Bg7 7. c3 O-O 8. d4 d5
9. e5 Qb6 10. dxc5 Qc7 11. b4 Nxe5 12. Nd4 b6 13. cxb6 axb6 14. b5 Nc4 15. a4
Bb7 16. f4 Nf5 17. Nxf5 exf5 18. Rf3 Rfe8 19. Rd3 1/2-1/2

[Event "Welsh Chess Championships"]
[Site "Cardiff, Wales"]
[Date "2017.04.17"]
[Round "7.6"]
[White "Taylor, Robert Graham"]
[Black "Jameson, David"]
[Result "1-0"]
[WhiteElo "1932"]
[BlackElo "2098"]
[PlyCount "69"]
[EventDate "2017.??.??"]

1. e4 e5 2. Nf3 Nc6 3. c3 d5 4. Qa4 f6 5. Bb5 Nge7 6. exd5 Qxd5 7. O-O Bd7 8.
Bc4 Qd6 9. b4 e4 10. Ne1 Ne5 11. Qb3 h5 12. Na3 c6 13. f4 exf3 14. Nxf3 N7g6
15. d4 Nxf3+ 16. Rxf3 O-O-O 17. Bf7 Nh4 18. Rf2 g5 19. Bd2 Rh7 20. Re1 Qc7 21.
g3 Rg7 22. gxh4 gxh4+ 23. Rg2 Bg4 24. Be6+ Kb8 25. Bxg4 hxg4 26. Re4 Bd6 27.
Rexg4 Bxh2+ 28. Kh1 h3 29. Rxg7 hxg2+ 30. Rxg2 Bf4 31. Qc2 Rh8+ 32. Kg1 Bh2+
33. Kf1 Bg3 34. Qg6 Bf4 35. Qg8+ 1-0